000 00643nam a2200265Ia 4500
005 20260121165615.0
008 008 260114s9999 xx 000 0 eng d
020 _a9783319490137
037 _aEBOOK
040 _aCRL
040 _beng
040 _cCRL
041 _2eng
041 _aeng
084 _qCRL
100 _aMotoichi Ohtsu, Takashi Yatsui
_91053819
245 0 _aProgress in Nanophotonics 4
260 _bSpringer
260 _bSpringer
260 _c2017
856 _uhttps://link.springer.com/openurl?genre=book&isbn=978-3-319-49013-7
942 _cEBOOK
999 _c1619545
_d1619545